Statystyki dla Wszyscy przeciwnicy reprezentacji Polski w piłce nożnej mężczyzn

Kliknij tutaj aby rozwiązać quiz!

Ogólne statystyki

  • Ten quiz został rozwiązany 159 razy
    (11 od ostatniego zresetowania)
  • Średni wynik to 78 z 99

Statystyki odpowiedzi

Liczba meczów:Państwo:% Poprawnych
15Albania
100%
6Białoruś
100%
23Bułgaria
100%
10Estonia
100%
17Francja
100%
11Hiszpania
100%
11Litwa
100%
16Łotwa
100%
22Niemcy
100%
13Portugalia
100%
5Rosja
100%
9Słowacja
100%
9Ukraina
100%
2Algieria
88%
12Argentyna
88%
10Austria
88%
1Austria
88%
21Belgia
88%
2Boliwia
88%
12Brazylia
88%
5Chorwacja
88%
10Czechy
88%
20Dania
88%
2Egipt
88%
31Finlandia
88%
17Grecja
88%
5Gruzja
88%
19Holandia
88%
28Irlandia
88%
7Islandia
88%
13Izrael
88%
7Japonia
88%
6Kanada
88%
5Kazachstan
88%
1Liechtenstein
88%
4Maroko
88%
9Meksyk
88%
8Mołdawia
88%
19Norwegia
88%
2Nowa Zelandia
88%
36Rumunia
88%
10San Marino
88%
5Serbia
88%
8Słowenia
88%
17Stany Zjednoczone
88%
11Szwajcaria
88%
28Szwecja
88%
3Tunezja
88%
17Turcja
88%
34Węgry
88%
18Włochy
88%
15ZSSR
88%
3Andora
75%
21Anglia
75%
7Armenia
75%
1Australia
75%
6Azerbejdżan
75%
2Chiny
75%
3Ekwador
75%
2Gibraltar
75%
1Indie
75%
5Irak
75%
2Iran
75%
19Jugosławia
75%
3Kamerun
75%
6Kolumbia
75%
1Korea Północna
75%
3Korea Południowa
75%
1Libia
75%
7Luksemburg
75%
1Paragwaj
75%
3Peru
75%
2Republika Południowej Afryki
75%
1Senegal
75%
11Szkocja
75%
4Urugwaj
75%
11Walia
75%
1Wybrzeże Kości Słoniowej
75%
2Chile
63%
7Cypr
63%
3Czarnogóra
63%
19Czechosłowacja
63%
3Haiti
63%
10Irlandia Północna
63%
5Macedonia Północna
63%
4Malta
63%
17NRD
63%
1Tajlandia
63%
5Wyspy Owcze
63%
4Arabia Saudyjska
50%
3Bośnia i Hercegowina
50%
2Gwatemala
50%
3Kostaryka
50%
1Nigeria
50%
2Zjednoczone Emiraty Arabskie
50%
1Wielka Brytania
38%
2Kuwejt
25%
2Serbia i Czarnogóra
25%
1Singapur
25%

Rozkład punktacji

Percentyl według liczby udzielonych odpowiedzi

Procent ludzi z każdym wynikiem

Twoja historia wyników

Nie rozwiązałeś tego quizu od ostatniego zresetowania